000 00540nam a2200193 a 4500
001 949
003 CO-ViMGA
008 141112s2004 ck r 000 u spa d
040 _aCO-ViMGA
_bspa
_cCO-ViMGA
082 0 4 _a891.73 G636c
100 1 _aGógol, Nicolás
_948941
245 1 0 _aCuentos petersburgueses
260 _aSantafé de Bogotá :
_bNorma,
_c1994
300 _a212, 63 p
490 _aCara y cruz
500 _aEncuadernado con A propósito de Nicolás Gógol y su obra.
650 1 4 _aCUENTOS RUSOS
_95408
942 _2ddc
_cBK
999 _c13176
_d13176